<?xml version="1.0" encoding="UTF-8"?>
<record
    xmlns:xsi="http://www.w3.org/2001/XMLSchema-instance"
    xsi:schemaLocation="http://www.loc.gov/MARC21/slim http://www.loc.gov/standards/marcxml/schema/MARC21slim.xsd"
    xmlns="http://www.loc.gov/MARC21/slim">

  <leader>01139nam a22002057a 4500</leader>
  <datafield tag="999" ind1=" " ind2=" ">
    <subfield code="c">59201</subfield>
    <subfield code="d">59201</subfield>
  </datafield>
  <controlfield tag="003">Ge_BSU</controlfield>
  <controlfield tag="005">20221213142357.0</controlfield>
  <controlfield tag="008">221213s1970ge  xxu||||| |||| 00| 0 geo d</controlfield>
  <datafield tag="041" ind1=" " ind2=" ">
    <subfield code="a">geo</subfield>
  </datafield>
  <datafield tag="080" ind1=" " ind2=" ">
    <subfield code="a">634(479.22) &#x10E1;-32</subfield>
  </datafield>
  <datafield tag="245" ind1=" " ind2=" ">
    <subfield code="a">&#x10E1;&#x10D0;&#x10E5;&#x10D0;&#x10E0;&#x10D7;&#x10D5;&#x10D4;&#x10DA;&#x10DD;&#x10E1; &#x10DB;&#x10D4;&#x10EE;&#x10D8;&#x10DA;&#x10D4;&#x10DD;&#x10D1;&#x10D0;.</subfield>
    <subfield code="b">&#x10E2;. 2 /</subfield>
    <subfield code="c">&#x10DB;&#x10D7;. &#x10E0;&#x10D4;&#x10D3;. &#x10DE;&#x10E0;&#x10DD;&#x10E4;. &#x10DC;. &#x10EE;&#x10DD;&#x10DB;&#x10D8;&#x10D6;&#x10E3;&#x10E0;&#x10D0;&#x10E8;&#x10D5;&#x10D8;&#x10DA;&#x10D8; </subfield>
  </datafield>
  <datafield tag="264" ind1=" " ind2=" ">
    <subfield code="a">&#x10D7;&#x10D1;&#x10D8;&#x10DA;&#x10D8;&#x10E1;&#x10D8; :</subfield>
    <subfield code="b">&#x10DB;&#x10D4;&#x10EA;&#x10DC;&#x10D8;&#x10D4;&#x10E0;&#x10D4;&#x10D1;&#x10D0;, </subfield>
    <subfield code="c">1970.</subfield>
  </datafield>
  <datafield tag="300" ind1=" " ind2=" ">
    <subfield code="a">755 &#x10D2;&#x10D5;. :</subfield>
    <subfield code="b">&#x10D8;&#x10DA;., 10 &#x10E9;&#x10D0;&#x10E0;&#x10D7;. &#x10E4;. &#x10D8;&#x10DA;.</subfield>
  </datafield>
  <datafield tag="504" ind1=" " ind2=" ">
    <subfield code="a">&#x10D1;&#x10D8;&#x10D1;&#x10DA;&#x10D8;&#x10DD;&#x10D2;&#x10E0;&#x10D0;&#x10E4;&#x10D8;&#x10D0; &#x10D6;&#x10DD;&#x10D2;&#x10D8;&#x10D4;&#x10E0;&#x10D7;&#x10D8; &#x10E1;&#x10E2;&#x10D0;&#x10E2;&#x10D8;&#x10D8;&#x10E1; &#x10E8;&#x10D4;&#x10DB;&#x10D3;&#x10D4;&#x10D2;.</subfield>
  </datafield>
  <datafield tag="520" ind1=" " ind2=" ">
    <subfield code="a">&#x10E0;&#x10D4;&#x10D6;&#x10E3;&#x10DB;&#x10D4; &#x10E0;&#x10E3;&#x10E1;. &#x10D3;&#x10D0; &#x10D8;&#x10DC;&#x10D2;&#x10DA;. &#x10D4;&#x10DC;. &#x10E7;&#x10DD;&#x10D5;&#x10D4;&#x10DA;&#x10D8; &#x10E1;&#x10E2;&#x10D0;&#x10E2;&#x10D8;&#x10D8;&#x10E1; &#x10D1;&#x10DD;&#x10DA;&#x10DD;&#x10E1;.</subfield>
  </datafield>
  <datafield tag="546" ind1=" " ind2=" ">
    <subfield code="a">&#x10DE;&#x10D0;&#x10E0;&#x10D0;&#x10DA;&#x10D4;&#x10DA;&#x10E3;&#x10E0;&#x10D8; &#x10E1;&#x10D0;&#x10D7;&#x10D0;&#x10E3;&#x10E0;&#x10D8; &#x10E0;&#x10E3;&#x10E1;&#x10E3;&#x10DA; &#x10D3;&#x10D0; &#x10D8;&#x10DC;&#x10D2;&#x10DA;&#x10D8;&#x10E1;&#x10E3;&#x10E0; &#x10D4;&#x10DC;&#x10D0;&#x10D6;&#x10D4;</subfield>
  </datafield>
  <datafield tag="653" ind1=" " ind2=" ">
    <subfield code="a">&#x10E1;&#x10D0;&#x10E5;&#x10D0;&#x10E0;&#x10D7;&#x10D5;&#x10D4;&#x10DA;&#x10DD;&#x10E1; &#x10DB;&#x10D4;&#x10EE;&#x10D8;&#x10DA;&#x10D4;&#x10DD;&#x10D1;&#x10D0;.</subfield>
  </datafield>
  <datafield tag="700" ind1=" " ind2=" ">
    <subfield code="a">&#x10EE;&#x10DD;&#x10DB;&#x10D8;&#x10D6;&#x10E3;&#x10E0;&#x10D0;&#x10E8;&#x10D5;&#x10D8;&#x10DA;&#x10D8;, &#x10DC;</subfield>
    <subfield code="e">&#x10DB;&#x10D7;&#x10D0;&#x10D5;&#x10D0;&#x10E0;&#x10D8; &#x10E0;&#x10D4;&#x10D3;&#x10D0;&#x10E5;&#x10E2;&#x10DD;&#x10E0;&#x10D8;</subfield>
    <subfield code="9">16387</subfield>
  </datafield>
  <datafield tag="942" ind1=" " ind2=" ">
    <subfield code="2">udc</subfield>
    <subfield code="c">BK</subfield>
  </datafield>
  <datafield tag="952" ind1=" " ind2=" ">
    <subfield code="0">0</subfield>
    <subfield code="1">0</subfield>
    <subfield code="2">udc</subfield>
    <subfield code="4">0</subfield>
    <subfield code="6">63447922_&#x10E1;32</subfield>
    <subfield code="7">0</subfield>
    <subfield code="9">93198</subfield>
    <subfield code="a">CPL</subfield>
    <subfield code="b">CPL</subfield>
    <subfield code="c">GEN</subfield>
    <subfield code="d">2022-12-13</subfield>
    <subfield code="g">10.00</subfield>
    <subfield code="o">634(479.22) &#x10E1;-32</subfield>
    <subfield code="p">63287</subfield>
    <subfield code="r">2022-12-13</subfield>
    <subfield code="t">63287</subfield>
    <subfield code="w">2022-12-13</subfield>
    <subfield code="y">BK</subfield>
    <subfield code="z">10.00</subfield>
  </datafield>
</record>
